[Event "GER-ch45 V05 email"]
[Site "GER email"]
[Date "2013.03.27"]
[Round "?"]
[White "Achatz, Kirstin"]
[Black "Von Wedel, Benno"]
[Result "1/2-1/2"]
[WhiteElo "2029"]
[BlackElo "2222"]
[PlyCount "33"]
[EventDate "2013.04.08"]
[EventType "tourn (corr)"]
[EventRounds "12"]
[EventCountry "GER"]
[SourceTitle "Corr 2015"]
[Source "ChessBase"]
[SourceDate "2015.07.17"]
[SourceVersion "1"]
[SourceVersionDate "2015.07.17"]
[SourceQuality "1"]

1. d4 Nf6 2. Nf3 e6 3. e3 b6 4. c4 Bb7 5. Bd3 d5 6. cxd5 exd5 7. 0-0 Be7 8. b3 0-0 9. Bb2 Nbd7 10. Nc3 a6 11. Rc1 Bd6 12. Qc2 Qe7 13. Ne2 Rac8 14. Ng3 g6 15. Qe2 b5 16. a4 c6 17. Rfd1 1/2-1/2

[Event "GER-ch45 V05 email"]
[Site "GER email"]
[Date "2013.03.27"]
[Round "?"]
[White "Von Wedel, Benno"]
[Black "Heinke, Richard"]
[Result "1/2-1/2"]
[WhiteElo "2229"]
[BlackElo "2131"]
[PlyCount "30"]
[EventDate "2013.04.08"]
[EventType "tourn (corr)"]
[EventRounds "12"]
[EventCountry "GER"]
[SourceTitle "Corr 2015"]
[Source "ChessBase"]
[SourceDate "2015.07.17"]
[SourceVersion "1"]
[SourceVersionDate "2015.07.17"]
[SourceQuality "1"]

1. d4 d5 2. c4 c6 3. Nf3 Nf6 4. e3 Bf5 5. Nc3 e6 6. Nh4 Be4 7. f3 Bg6 8. Qb3 Qc7 9. Bd2 Be7 10. g3 Bh5 11. Be2 dxc4 12. Qxc4 Nbd7 13. 0-0-0 Nb6 14. Qb3 Nfd5 15. Ng2 a5 1/2-1/2

[Event "GER-ch45 V05 email"]
[Site "GER email"]
[Date "2013.03.27"]
[Round "?"]
[White "Von Wedel, Benno"]
[Black "Herbold, Manfred"]
[Result "1/2-1/2"]
[WhiteElo "2222"]
[BlackElo "1733"]
[PlyCount "50"]
[EventDate "2013.04.08"]
[EventType "tourn (corr)"]
[EventRounds "12"]
[EventCountry "GER"]
[SourceTitle "Corr 2015"]
[Source "ChessBase"]
[SourceDate "2015.07.17"]
[SourceVersion "1"]
[SourceVersionDate "2015.07.17"]
[SourceQuality "1"]

1. d4 Nf6 2. c4 e6 3. Nc3 Bb4 4. e3 b6 5. Nge2 Ba6 6. Ng3 Bxc3+ 7. bxc3 d5 8. Ba3 Bxc4 9. Bxc4 dxc4 10. 0-0 h5 11. Qf3 Qd5 12. e4 Qg5 13. Rfe1 h4 14. Nf5 h3 15. g3 Nc6 16. Ne3 Qa5 17. Nxc4 Qa4 18. Qd3 Rh5 19. e5 Nd5 20. Rab1 Na5 21. Nxa5 Qxa3 22. Nb3 Rd8 23. c4 Nb4 24. Qe2 Rh6 25. Rbd1 c6 1/2-1/2

[Event "GER-ch42 final email"]
[Site "GER email"]
[Date "2012.03.12"]
[Round "?"]
[White "Marquardt, Guenter"]
[Black "Von Wedel, Benno"]
[Result "0-1"]
[WhiteElo "2142"]
[BlackElo "2222"]
[PlyCount "126"]
[EventDate "2012.03.19"]
[EventType "tourn (corr)"]
[EventRounds "10"]
[EventCountry "GER"]
[SourceTitle "Corr 2015"]
[Source "ChessBase"]
[SourceDate "2015.07.17"]
[SourceVersion "1"]
[SourceVersionDate "2015.07.17"]
[SourceQuality "1"]

1. d4 Nf6 2. c4 e6 3. Nf3 b6 4. g3 Ba6 5. b3 Bb4+ 6. Bd2 Be7 7. Bg2 c6 8. Bc3 d5 9. Ne5 Nfd7 10. Nxd7 Nxd7 11. Nd2 0-0 12. 0-0 f5 13. Rc1 Nf6 14. Bb2 Bd6 15. Nf3 Qe7 16. Ne5 Rac8 17. Nd3 h5 18. Rc2 h4 19. Qc1 hxg3 20. hxg3 Ne4 21. c5 Bb8 22. Ba3 b5 23. Bb4 Qf6 24. e3 g5 25. Qe1 g4 26. Qc1 Rf7 27. Rd1 Rh7 28. Be1 Qh8 29. Qa3 Bb7 30. f4 gxf3 31. Bxf3 Kf7 32. Ne5+ Bxe5 33. dxe5 Qxe5 34. Qb2 Ng5 35. Bg2 Qxe3+ 36. Bf2 Nf3+ 37. Kf1 Nh2+ 38. Kg1 Qh6 39. b4 Ng4 40. Re1 Rf8 41. Rc3 Ke7 42. Rf3 f4 43. Re2 Rhf7 44. gxf4 Qh2+ 45. Kf1 Rxf4 46. Qg7+ R8f7 47. Qg5+ Kd7 48. Rxf4 Qxf4 49. Qxf4 Rxf4 50. Rb2 Ke7 51. Kg1 Nxf2 52. Rxf2 Rxf2 53. Kxf2 Bc8 54. Bf3 e5 55. Kg2 e4 56. Bd1 Kf6 57. a4 a6 58. a5 Ke5 59. Kf2 d4 60. Bh5 Kf4 61. Ke1 Bg4 62. Bxg4 Kxg4 63. Kd1 Kf3 0-1

[Event "GER-ch42 final email"]
[Site "GER email"]
[Date "2012.03.12"]
[Round "?"]
[White "Schueppel, Ralf"]
[Black "Von Wedel, Benno"]
[Result "1/2-1/2"]
[WhiteElo "2302"]
[BlackElo "2222"]
[PlyCount "81"]
[EventDate "2012.03.19"]
[EventType "tourn (corr)"]
[EventRounds "10"]
[EventCountry "GER"]
[SourceTitle "Corr 2015"]
[Source "ChessBase"]
[SourceDate "2015.07.17"]
[SourceVersion "1"]
[SourceVersionDate "2015.07.17"]
[SourceQuality "1"]

1. d4 Nf6 2. c4 e6 3. Nf3 b6 4. g3 Ba6 5. Qa4 Bb7 6. Bg2 c5 7. dxc5 bxc5 8. 0-0 Be7 9. Nc3 0-0 10. Rd1 Qb6 11. Bf4 Rd8 12. Rd2 d6 13. Rad1 Ne8 14. e4 Bc6 15. Qc2 Qb7 16. Bg5 e5 17. Be3 Na6 18. a3 Rdb8 19. Rb1 Qb3 20. Qd3 Nac7 21. Rdd1 a5 22. Nd2 Qb7 23. Nd5 Ne6 24. b4 axb4 25. axb4 cxb4 26. Rxb4 Qd7 27. Rxb8 Rxb8 28. Bh3 Qd8 29. Nf3 Bf8 30. Ra1 h6 31. Bf5 Nf6 32. Ra6 Bb7 33. Nxf6+ Qxf6 34. Rb6 g6 35. Bxe6 Qxf3 36. Bd5 Bxd5 37. Qxd5 Rxb6 38. Bxb6 Be7 39. h4 Kg7 40. Bc7 Qa3 41. Kg2 1/2-1/2

[Event "GER-ch42 final email"]
[Site "GER email"]
[Date "2012.03.12"]
[Round "?"]
[White "Von Wedel, Benno"]
[Black "Raupach, Frank"]
[Result "1-0"]
[WhiteElo "2222"]
[BlackElo "2295"]
[PlyCount "33"]
[EventDate "2012.03.19"]
[EventType "tourn (corr)"]
[EventRounds "10"]
[EventCountry "GER"]
[SourceTitle "Corr 2015"]
[Source "ChessBase"]
[SourceDate "2015.07.17"]
[SourceVersion "1"]
[SourceVersionDate "2015.07.17"]
[SourceQuality "1"]

1. d4 d5 2. c4 Nc6 3. Nc3 dxc4 4. d5 Ne5 5. f4 Ng4 6. e4 e5 7. Nf3 Bc5 8. h3 Ne3 9. Bxe3 Bxe3 10. fxe5 Ne7 11. Bxc4 Ng6 12. h4 h5 13. Qa4+ Bd7 14. Qb3 Bf4 15. e6 Bg3+ 16. Kf1 fxe6 17. Rh3 1-0

[Event "GER-ch43 V01 email"]
[Site "GER email"]
[Date "2011.??.??"]
[Round "?"]
[White "Leupold, Volker"]
[Black "Von Wedel, Benno"]
[Result "1/2-1/2"]
[WhiteElo "2062"]
[BlackElo "2224"]
[PlyCount "66"]
[EventDate "2011.04.18"]
[EventType "tourn (corr)"]
[EventRounds "8"]
[EventCountry "GER"]
[SourceTitle "Corr 2015"]
[Source "ChessBase"]
[SourceDate "2015.07.17"]
[SourceVersion "1"]
[SourceVersionDate "2015.07.17"]
[SourceQuality "1"]

1. e4 c5 2. Nf3 d6 3. d4 cxd4 4. Nxd4 Nf6 5. Nc3 a6 6. f4 Qc7 7. Bd3 g6 8. Nf3 Bg7 9. a4 Nbd7 10. Qe2 0-0 11. 0-0 Nc5 12. Bd2 Bg4 13. Kh1 Rac8 14. a5 Rfe8 15. Qf2 Nxd3 16. cxd3 Bxf3 17. Qxf3 e6 18. d4 Qc6 19. e5 Qxf3 20. Rxf3 Nd5 21. Nxd5 exd5 22. Bc3 Rc6 23. g4 dxe5 24. fxe5 f6 25. Rd1 fxe5 26. dxe5 Rc5 27. Kg2 Rb5 28. h4 Rf8 29. Rdd3 Rxf3 30. Rxf3 d4 31. Bxd4 Bxe5 32. Bxe5 Rxe5 33. Rb3 Rxa5 1/2-1/2

[Event "GER-ch42 V01 email"]
[Site "GER email"]
[Date "2010.??.??"]
[Round "?"]
[White "Mager, Friedhelm"]
[Black "Von Wedel, Benno"]
[Result "0-1"]
[WhiteElo "2070"]
[BlackElo "2241"]
[PlyCount "90"]
[EventDate "2010.??.??"]
[EventType "tourn (corr)"]
[EventRounds "12"]
[EventCountry "GER"]
[SourceTitle "Corr 2015"]
[Source "ChessBase"]
[SourceDate "2015.07.17"]
[SourceVersion "1"]
[SourceVersionDate "2015.07.17"]
[SourceQuality "1"]

1. e4 c5 2. Nf3 d6 3. d4 cxd4 4. Nxd4 Nf6 5. Nc3 a6 6. Be3 e6 7. Be2 Nbd7 8. g4 h6 9. a3 Qc7 10. Qd2 b5 11. 0-0-0 Bb7 12. f3 d5 13. exd5 Nxd5 14. Nxd5 Bxd5 15. Bf4 Qb7 16. h4 b4 17. axb4 Bxb4 18. c3 Rc8 19. g5 h5 20. Nf5 0-0 21. Bd6 Rfe8 22. Bxb4 Qxb4 23. Qd4 Qf8 24. Ng3 Nc5 25. Qe5 Na4 26. Nxh5 Rc5 27. Rd4 Nxc3 28. bxc3 Bxf3 29. Qxg7+ Qxg7 30. Nxg7 Kxg7 31. Bxf3 Rxc3+ 32. Kd2 Rxf3 33. Ra4 Ra8 34. Ra5 Rg3 35. h5 Rd8+ 36. Kc2 Rc8+ 37. Kd2 Rb8 38. g6 fxg6 39. h6+ Kh7 40. Rxa6 Rb2+ 41. Kc1 Rgb3 42. Rh4 Rb4 43. Ra7+ Rb7 44. Rxb7+ Rxb7 45. Kd2 Rb5 0-1

[Event "GER-ch41 V02 Post"]
[Site "GER email"]
[Date "2010.??.??"]
[Round "?"]
[White "Von Wedel, Benno"]
[Black "Reinecke, Rudolf"]
[Result "1/2-1/2"]
[WhiteElo "2241"]
[BlackElo "2183"]
[PlyCount "66"]
[EventDate "2010.??.??"]
[EventType "tourn (corr)"]
[EventRounds "12"]
[EventCountry "GER"]
[SourceTitle "Corr 2015"]
[Source "ChessBase"]
[SourceDate "2015.07.17"]
[SourceVersion "1"]
[SourceVersionDate "2015.07.17"]
[SourceQuality "1"]

1. d4 Nf6 2. c4 e6 3. Nc3 Nc6 4. a3 d5 5. Nf3 a6 6. e3 Be7 7. Bd3 0-0 8. 0-0 dxc4 9. Bxc4 h6 10. e4 b5 11. Ba2 Bb7 12. e5 Nd7 13. Qc2 Re8 14. Rd1 Bf8 15. Be3 Na5 16. Qe2 Nb6 17. Bb1 Nbc4 18. b4 Nxe3 19. fxe3 Nc4 20. Rf1 Be7 21. Bd3 Rf8 22. Bxc4 bxc4 23. Qxc4 a5 24. Rfd1 Ra7 25. e4 c6 26. b5 cxb5 27. Nxb5 Ba6 28. a4 Qb6 29. Kh1 Rc8 30. Qb3 Bxb5 31. Qxb5 Qxb5 32. axb5 Rb8 33. Rdb1 a4 1/2-1/2

[Event "GER-ch41 V02 Post"]
[Site "GER email"]
[Date "2010.??.??"]
[Round "?"]
[White "Von Wedel, Benno"]
[Black "Wilshusen, Horst"]
[Result "1-0"]
[WhiteElo "2241"]
[BlackElo "1713"]
[PlyCount "53"]
[EventDate "2010.??.??"]
[EventType "tourn (corr)"]
[EventRounds "12"]
[EventCountry "GER"]
[SourceTitle "Corr 2015"]
[Source "ChessBase"]
[SourceDate "2015.07.17"]
[SourceVersion "1"]
[SourceVersionDate "2015.07.17"]
[SourceQuality "1"]

1. d4 Nf6 2. c4 c5 3. d5 d6 4. Nc3 g6 5. e4 Bg7 6. h3 Na6 7. Nf3 Nc7 8. Bd3 a6 9. a4 Rb8 10. 0-0 0-0 11. Re1 Nd7 12. a5 b5 13. axb6 Rxb6 14. Qc2 Ne5 15. Nxe5 Bxe5 16. Be3 Ne8 17. f4 Bh8 18. e5 Ng7 19. g4 Qc7 20. Na4 Rb8 21. f5 Bd7 22. e6 fxe6 23. fxg6 h5 24. Nc3 e5 25. Qg2 Qb7 26. Rf1 Rxf1+ 27. Rxf1 1-0

[Event "GER-ch39 V01 email"]
[Site "GER email"]
[Date "2007.04.30"]
[Round "?"]
[White "Janssen, Johann"]
[Black "Von Wedel, Benno"]
[Result "1/2-1/2"]
[WhiteElo "2122"]
[BlackElo "2283"]
[PlyCount "76"]
[EventDate "2007.??.??"]
[EventType "tourn (corr)"]
[EventRounds "9"]
[EventCountry "GER"]
[SourceTitle "Corr 2011"]
[Source "ChessBase"]
[SourceDate "2010.08.31"]
[SourceVersion "1"]
[SourceVersionDate "2010.08.31"]
[SourceQuality "1"]

1. d4 c5 2. dxc5 e6 3. Nd2 Nf6 4. Nb3 Qc7 5. e3 a5 6. a4 Na6 7. Bxa6 Rxa6 8. Nf3 Ne4 9. 0-0 Nxc5 10. c4 Nxb3 11. Qxb3 Bc5 12. Bd2 b6 13. Qd3 Bb7 14. Bc3 f6 15. Nd4 0-0 16. Nb5 Qc6 17. f3 Rd8 18. Bd4 d5 19. Rac1 Raa8 20. Qb3 Ba6 21. Rfd1 dxc4 22. Qxc4 Rd5 23. Qb3 Rad8 24. Nc3 R5d7 25. Bxc5 bxc5 26. Rxd7 Rxd7 27. Ne4 c4 28. Qb8+ Kf7 29. b4 axb4 30. Qxb4 Rd5 31. Rb1 Qc7 32. Qb6 Qxb6 33. Rxb6 Ra5 34. Rc6 Rxa4 35. Nc5 Ra1+ 36. Kf2 c3 37. Rc7+ Ke8 38. Nxe6 Ra2+ 1/2-1/2

[Event "GER-ch39 V01 email"]
[Site "GER email"]
[Date "2007.04.30"]
[Round "?"]
[White "Nyberg, Wilfred"]
[Black "Von Wedel, Benno"]
[Result "1/2-1/2"]
[WhiteElo "2204"]
[BlackElo "2283"]
[PlyCount "64"]
[EventDate "2007.??.??"]
[EventType "tourn (corr)"]
[EventRounds "9"]
[EventCountry "GER"]
[SourceTitle "Corr 2011"]
[Source "ChessBase"]
[SourceDate "2010.08.31"]
[SourceVersion "1"]
[SourceVersionDate "2010.08.31"]
[SourceQuality "1"]

1. e4 c5 2. Nc3 a6 3. Nf3 d6 4. g3 e5 5. Nd5 Ne7 6. Ne3 Nbc6 7. Bg2 g6 8. d3 Bg7 9. Bd2 0-0 10. 0-0 f5 11. exf5 Nxf5 12. c3 d5 13. Re1 Qd6 14. c4 Nxe3 15. Bxe3 d4 16. Bc1 Qf6 17. Bg5 Qf7 18. Qd2 Bg4 19. Nh4 Rae8 20. a3 a5 21. b3 Qc7 22. Rab1 b6 23. Bh6 Nd8 24. b4 axb4 25. axb4 Bxh6 26. Qxh6 Nf7 27. Qc1 Qd6 28. bxc5 bxc5 29. Bd5 Be6 30. Be4 Bd7 31. Nf3 Bf5 32. Ng5 Nxg5 1/2-1/2

[Event "GER-ch39 V01 email"]
[Site "GER email"]
[Date "2007.04.30"]
[Round "?"]
[White "Podzielny, Karlheinz Sr"]
[Black "Von Wedel, Benno"]
[Result "1/2-1/2"]
[WhiteElo "2077"]
[BlackElo "2283"]
[PlyCount "108"]
[EventDate "2007.??.??"]
[EventType "tourn (corr)"]
[EventRounds "9"]
[EventCountry "GER"]
[SourceTitle "Corr 2011"]
[Source "ChessBase"]
[SourceDate "2010.08.31"]
[SourceVersion "1"]
[SourceVersionDate "2010.08.31"]
[SourceQuality "1"]

1. d4 Nf6 2. Nf3 c5 3. d5 b5 4. Bg5 Qb6 5. Bxf6 Qxf6 6. c3 g6 7. e4 Qb6 8. Nbd2 Bg7 9. a4 b4 10. Nc4 Qb7 11. Qc2 d6 12. Na5 Qb6 13. Bb5+ Nd7 14. cxb4 cxb4 15. Nc6 a6 16. Bc4 Nb8 17. 0-0 Nxc6 18. dxc6 0-0 19. a5 Qc7 20. h3 e6 21. Bd3 d5 22. exd5 exd5 23. Ra4 Qd6 24. Rc1 Re8 25. Qd2 Bf8 26. Bf1 Ra7 27. Nd4 h5 28. g3 h4 29. g4 Qf6 30. Bg2 Bd6 31. Rd1 Rae7 32. Rxb4 Bxb4 33. Qxb4 Qf4 34. Qc3 Kh7 35. Nf3 Rd8 36. Qc5 Re2 37. Rd4 Qd6 38. Qc3 Kg8 39. Nxh4 Qf6 40. Nf3 Rd6 41. g5 Qf5 42. Rh4 f6 43. b4 Qc2 44. Qd4 Qxc6 45. Rh6 Re4 46. Qd2 Kg7 47. Bf1 Re7 48. Bd3 fxg5 49. Qxg5 Rf6 50. Rh4 Qd6 51. Kg2 Bb7 52. Nd4 Qe5 53. Qh6+ Kf7 54. Qh8 Rxf2+ 1/2-1/2

[Event "GER-ch38 V02 email"]
[Site "GER email"]
[Date "2007.??.??"]
[Round "?"]
[White "Von Wedel, Benno"]
[Black "Skorna, Ullrich"]
[Result "1-0"]
[WhiteElo "2237"]
[BlackElo "2122"]
[PlyCount "113"]
[EventDate "2007.??.??"]
[EventType "tourn (corr)"]
[EventRounds "7"]
[EventCountry "GER"]
[SourceTitle "Corr 2008"]
[Source "ChessBase"]
[SourceDate "2008.06.24"]
[SourceVersion "1"]
[SourceVersionDate "2008.06.24"]
[SourceQuality "1"]

1. c4 Nf6 2. Nc3 e6 3. e4 c5 4. e5 Ng8 5. Nf3 Nc6 6. d4 cxd4 7. Nxd4 Nxe5 8. Ndb5 f6 9. Be3 a6 10. Nd6+ Bxd6 11. Qxd6 Ne7 12. Bb6 Nf5 13. Qb4 Qe7 14. Qxe7+ Kxe7 15. f4 Nf7 16. Bd3 g6 17. 0-0-0 d6 18. Rhe1 Kf8 19. Be4 Kg7 20. g4 Ne7 21. Bc7 d5 22. cxd5 Nxd5 23. Nxd5 exd5 24. Bf3 Bd7 25. Re7 Bc6 26. Bxd5 Bxd5 27. Rxd5 Rhe8 28. Red7 Kg8 29. Bb6 Re4 30. Rxb7 Rxf4 31. Rdd7 Rf8 32. h3 h5 33. gxh5 gxh5 34. Ra7 Rh4 35. Bd4 Rxh3 36. Bxf6 Rg3 37. Kc2 Rg6 38. Bc3 h4 39. Rd5 h3 40. Rh5 Rg2+ 41. Kb3 h2 42. Rxa6 Rb8+ 43. Ka3 Re8 44. Ra4 Nd6 45. Rah4 Ree2 46. Rf4 Nf7 47. Kb3 Rg5 48. Rh3 Rg1 49. Rfh4 Rgg2 50. a4 Ng5 51. Rh8+ Kf7 52. R3h6 Ne4 53. Bd4 Nd2+ 54. Ka2 Re4 55. R8h7+ Kf8 56. Ra6 Kg8 57. Rd7 1-0

[Event "GER-ch37 V2 email"]
[Site "GER email"]
[Date "2006.??.??"]
[Round "?"]
[White "Boehm, Stefan"]
[Black "Von Wedel, Benno"]
[Result "1/2-1/2"]
[WhiteElo "2341"]
[BlackElo "2285"]
[PlyCount "75"]
[EventDate "2006.??.??"]
[EventType "tourn (corr)"]
[EventRounds "10"]
[EventCountry "GER"]
[SourceTitle "Corr 2008"]
[Source "ChessBase"]
[SourceDate "2008.06.24"]
[SourceVersion "1"]
[SourceVersionDate "2008.06.24"]
[SourceQuality "1"]

1. d4 Nf6 2. c4 e6 3. Nc3 Bb4 4. Nf3 c5 5. e3 Nc6 6. Bd3 Bxc3+ 7. bxc3 d6 8. Nd2 e5 9. 0-0 0-0 10. Ne4 Bf5 11. Nxf6+ Qxf6 12. e4 Bd7 13. d5 Ne7 14. Qh5 h6 15. Bd2 Qg6 16. Qh4 Rae8 17. f4 f5 18. Rae1 fxe4 19. Bxe4 Bf5 20. fxe5 dxe5 21. Bf3 Qd6 22. Bh5 Ng6 23. Qg3 Bc2 24. Rc1 Rxf1+ 25. Rxf1 Rf8 26. Rxf8+ Nxf8 27. Qe3 Bf5 28. Be1 Nd7 29. Bg3 Qa6 30. Qe2 e4 31. Bh4 Ne5 32. Qf2 Bg6 33. Qg3 Nf3+ 34. Bxf3 exf3 35. gxf3 Bd3 36. d6 Qa4 37. Qe1 Bxc4 38. Bf2 1/2-1/2

[Event "GER-ch34 V4 email"]
[Site "GER email"]
[Date "2002.03.23"]
[Round "?"]
[White "Hartung, Thomas"]
[Black "Von Wedel, Benno"]
[Result "1/2-1/2"]
[WhiteElo "2188"]
[BlackElo "2310"]
[PlyCount "82"]
[EventDate "2002.03.23"]
[EventType "tourn (corr)"]
[EventRounds "10"]
[EventCountry "GER"]
[SourceTitle "Corr 2008"]
[Source "ChessBase"]
[SourceDate "2008.06.24"]
[SourceVersion "1"]
[SourceVersionDate "2008.06.24"]
[SourceQuality "1"]

1. e4 e6 2. d4 d5 3. Nc3 Bb4 4. e5 c5 5. a3 Bxc3+ 6. bxc3 Qa5 7. Bd2 Qa4 8. Qb1 c4 9. Be2 Nc6 10. Nh3 Bd7 11. Nf4 0-0-0 12. Bg4 Re8 13. 0-0 f5 14. Be2 Nge7 15. Qb2 Reg8 16. Rfb1 b6 17. Nh3 h6 18. f4 g6 19. Qc1 Nd8 20. Rb4 Qa5 21. a4 Nf7 22. Qa3 Nc6 23. Rb5 Qa6 24. Qc1 Rh7 25. Rbb1 Rhg7 26. Be1 Na5 27. Bg3 Qb7 28. Qe3 Qc7 29. Rb4 Qd8 30. Rbb1 g5 31. Rb2 g4 32. Nf2 h5 33. Nd1 Nh8 34. Be1 Ng6 35. Bd2 h4 36. Rbb1 g3 37. h3 Nh8 38. Bc1 Nf7 39. Ra2 Qe8 40. Rb4 Nh6 41. Qf3 Rh8 1/2-1/2

[Event "GER-ch34 V4 email"]
[Site "GER email"]
[Date "2002.03.23"]
[Round "?"]
[White "Von Wedel, Benno"]
[Black "Buessing, Olaf"]
[Result "1/2-1/2"]
[WhiteElo "2310"]
[BlackElo "2162"]
[PlyCount "38"]
[EventDate "2002.03.23"]
[EventType "tourn (corr)"]
[EventRounds "10"]
[EventCountry "GER"]
[SourceTitle "Corr 2008"]
[Source "ChessBase"]
[SourceDate "2008.06.24"]
[SourceVersion "1"]
[SourceVersionDate "2008.06.24"]
[SourceQuality "1"]

1. c4 Nf6 2. Nc3 e5 3. g3 c6 4. d4 exd4 5. Qxd4 d5 6. Nf3 dxc4 7. Qxc4 Be6 8. Qa4 Bc5 9. Bg2 0-0 10. 0-0 Nbd7 11. Bf4 Qe7 12. Rad1 Nd5 13. Nxd5 Bxd5 14. Qc2 Nf6 15. Bg5 Bb6 16. Nh4 Bxg2 17. Kxg2 Rfe8 18. Bxf6 Qxf6 19. Nf3 h6 1/2-1/2

[Event "GER-ch34 V4 email"]
[Site "GER email"]
[Date "2002.03.23"]
[Round "?"]
[White "Von Wedel, Benno"]
[Black "Delfs, Gunter"]
[Result "1/2-1/2"]
[WhiteElo "2310"]
[BlackElo "2212"]
[PlyCount "90"]
[EventDate "2002.03.23"]
[EventType "tourn (corr)"]
[EventRounds "10"]
[EventCountry "GER"]
[SourceTitle "Corr 2008"]
[Source "ChessBase"]
[SourceDate "2008.06.24"]
[SourceVersion "1"]
[SourceVersionDate "2008.06.24"]
[SourceQuality "1"]

1. c4 Nf6 2. Nc3 e5 3. g3 Bb4 4. Bg2 0-0 5. Nf3 Bxc3 6. bxc3 Re8 7. d4 Nc6 8. 0-0 d6 9. Rb1 e4 10. Nd2 b6 11. Re1 Na5 12. Ba3 e3 13. Bxa8 exd2 14. Qxd2 Bf5 15. Bf3 Nxc4 16. Qc1 Bxb1 17. Qxb1 d5 18. Bc1 Qd7 19. Qc2 h6 20. Bg2 a5 21. f3 c5 22. dxc5 bxc5 23. e4 Qe6 24. Qb3 Ne5 25. Be3 Nd3 26. Rb1 dxe4 27. Qxe6 Rxe6 28. fxe4 Nxe4 29. Rd1 c4 30. Bd4 a4 31. a3 Re8 32. Bf3 g6 33. g4 Kf8 34. h4 f6 35. Bg2 Nf4 36. Re1 f5 37. h5 Kf7 38. Bh1 Re6 39. Kh2 Nf6 40. hxg6+ Nxg6 41. Rxe6 Nxg4+ 42. Kg3 Kxe6 43. Bc6 Nf6 44. Bxf6 Kxf6 45. Bxa4 Ke5 1/2-1/2

[Event "GER-ch34 V4 email"]
[Site "GER email"]
[Date "2002.03.23"]
[Round "?"]
[White "Von Wedel, Benno"]
[Black "Rudolf, Thomas"]
[Result "1/2-1/2"]
[WhiteElo "2310"]
[BlackElo "2135"]
[PlyCount "86"]
[EventDate "2002.03.23"]
[EventType "tourn (corr)"]
[EventRounds "10"]
[EventCountry "GER"]
[SourceTitle "Corr 2008"]
[Source "ChessBase"]
[SourceDate "2008.06.24"]
[SourceVersion "1"]
[SourceVersionDate "2008.06.24"]
[SourceQuality "1"]

1. c4 e6 2. Nf3 d5 3. g3 Nf6 4. Bg2 c5 5. 0-0 Nc6 6. cxd5 exd5 7. d4 Be7 8. Nc3 0-0 9. b3 Ne4 10. Bb2 Bf6 11. Na4 Re8 12. Rc1 b6 13. Re1 Ba6 14. dxc5 Bxb2 15. Nxb2 Nxc5 16. e3 Qf6 17. Nd4 Ne5 18. Bf1 Bxf1 19. Rxf1 a5 20. Kg2 Rac8 21. Qc2 g6 22. Qe2 Nc6 23. Nxc6 Qxc6 24. f3 Qe6 25. Rfe1 Rc6 26. Qd2 Qf6 27. Re2 Rce6 28. Nd3 Nxd3 29. Qxd3 Qg5 30. Kf2 Qh5 31. h4 Qe5 32. a4 Qf6 33. Rd1 Re5 34. f4 Kg7 35. Qd4 h5 36. Rd3 R8e6 37. Kg2 Rf5 38. Qxf6+ Kxf6 39. Rc2 Ke7 40. Kf2 Re4 41. Rc7+ Ke8 42. Ke2 Rb4 43. Kd2 Rf6 1/2-1/2

[Event "GER-ch34 V4 email"]
[Site "GER email"]
[Date "2002.03.23"]
[Round "?"]
[White "Von Wedel, Benno"]
[Black "Schmidt, Volkmar"]
[Result "1/2-1/2"]
[WhiteElo "2310"]
[BlackElo "2159"]
[PlyCount "108"]
[EventDate "2002.03.23"]
[EventType "tourn (corr)"]
[EventRounds "10"]
[EventCountry "GER"]
[SourceTitle "Corr 2008"]
[Source "ChessBase"]
[SourceDate "2008.06.24"]
[SourceVersion "1"]
[SourceVersionDate "2008.06.24"]
[SourceQuality "1"]

1. c4 c5 2. Nf3 Nf6 3. d4 cxd4 4. Nxd4 Nc6 5. Nc3 e6 6. g3 Qb6 7. Nb3 Ne5 8. e4 Bb4 9. Qe2 d6 10. Bd2 Bd7 11. f4 Ng6 12. Bg2 Bc6 13. 0-0-0 0-0 14. Kb1 Rac8 15. h4 h5 16. Bf3 Rfd8 17. Rc1 a5 18. Rhd1 a4 19. Nd4 a3 20. Nxc6 axb2 21. Rc2 bxc6 22. Rxb2 Qa5 23. Nd5 exd5 24. Bxb4 Qa7 25. cxd5 cxd5 26. exd5 Re8 27. Qd2 Qd7 28. Qd3 Ne7 29. Be1 Rc5 30. Bf2 Ra5 31. Bb6 Raa8 32. Ka1 Nf5 33. Bf2 Reb8 34. Rdb1 Rxb2 35. Rxb2 Re8 36. Rb3 Ng4 37. Bxg4 hxg4 38. a3 Ne7 39. Ka2 Ra8 40. Be1 Nf5 41. Bc3 Rc8 42. Bb2 Re8 43. Qc4 Qa7 44. Qc2 Qd7 45. Qc6 Qe7 46. a4 Qd8 47. Ka3 Kh7 48. Qc2 Qd7 49. a5 Rc8 50. Qd3 Ra8 51. Bc3 Kh6 52. Kb2 g6 53. Bd2 Qc8 54. Bb4 Qd7 1/2-1/2